El imperio español de ultramar

Guardado en:
Detalles Bibliográficos
Autor principal: Parry, John H. (autor)
Formato: Libro
Lenguaje:español
Publicado: Madrid Aguilar 1970
Materias:
Etiquetas: Agregar Etiqueta
Sin Etiquetas, Sea el primero en etiquetar este registro!

MARC

LEADER 00000nam a2200000 a 4500
001 UCO2877
003 CL-VaPUC
008 000608e19700000SP |||||||||||||||||spa|d
082 0 4 |a 980.013  |b PAR  |2 21 
100 |a Parry, John H.  |e autor  |9 433934 
245 1 3 |a El imperio español de ultramar 
300 |a 392 p 
942 |c BK 
945 |d 20000608 00:00:00  |a rherrera 
260 |a Madrid  |b Aguilar  |c 1970 
650 0 |a Historia de América  |9 266076 
650 0 |a Colonias españolas  |9 267778 
650 0 |a Virreinatos  |9 445304 
650 7 |a SIGLOS 15-19  |2 CL-VaPUC  |9 378279 
650 0 |a Descubrimiento y Conquista de América  |9 446281 
650 0 |a Independencia Americana  |9 395691 
650 0 |a América colonial  |9 446254 
651 0 |a América  |9 255182 
583 |a last modification  |c 20000608 00:00:00  |k Rodrigo Vera 
999 |c 289369  |d 289367 
952 |0 0  |1 0  |4 0  |6 980_013000000000000_PAR_1970  |7 0  |8 A  |9 337705  |a BIBHIS  |b BIBHIS  |d 2019-11-20  |i 1288555  |o 980.013 PAR 1970  |p 1288555  |r 2025-01-20  |w 2019-11-20  |y BK  |k HIS